| 000 -CABECERA |
| campo de control de longitud fija |
01007nam a2200277 u 4500 |
| 001 - NÚMERO DE CONTROL |
| campo de control |
000057068 |
| 005 - FECHA Y HORA DE LA ÚLTIMA TRANSACCIÓN |
| campo de control |
20200120223428.0 |
| 008 - DATOS DE LONGITUD FIJA--INFORMACIÓN GENERAL |
| campo de control de longitud fija |
130625s2010 ck a gr 000 0 spa d |
| 020 ## - NÚMERO INTERNACIONAL ESTÁNDAR DEL LIBRO |
| Número Internacional Estándar del Libro |
9789583033728 |
| 041 0# - CÓDIGO DE LENGUA |
| Código de lengua del texto/banda sonora o título independiente |
*spa |
| Código de lengua original |
eng |
| 043 ## - CÓDIGO DE ÁREA GEOGRÁFICA |
| Código de área geográfica |
s-ck--- |
| 082 04 - NÚMERO DE LA CLASIFICACIÓN DECIMAL DEWEY |
| Número de clasificación |
428 |
| Número de documento/Ítem |
A54 |
| Número de edición |
21 |
| 245 04 - MENCIÓN DE TÍTULO |
| Título |
Los animales : |
| Resto del título |
aprendizaje de inglés interactivo con mas de 120 sonidos. / |
| Mención de responsabilidad, etc. |
ilustración Juan Manuel Montiel Rodríguez. |
| 250 ## - MENCIÓN DE EDICIÓN |
| Mención de edición |
1a. ed. |
| 260 ## - PUBLICACIÓN, DISTRIBUCIÓN, ETC. |
| Lugar de publicación, distribución, etc. |
Bogotá : |
| Nombre del editor, distribuidor, etc. |
Panamericana : |
| -- |
LIBSA, |
| Fecha de publicación, distribución, etc. |
2010. |
| 300 ## - DESCRIPCIÓN FÍSICA |
| Extensión |
[12] p. : |
| Otras características físicas |
il., col. |
| 490 0# - MENCIÓN DE SERIE |
| Mención de serie |
Lector electrónico |
| 500 ## - NOTA GENERAL |
| Nota general |
Incluye lector electrónico y 3 baterías removibles |
| 500 ## - NOTA GENERAL |
| Nota general |
Título original : Learning English With over 120 Interactive Sounds |
| 500 ## - NOTA GENERAL |
| Nota general |
Texto en español e inglés |
| 650 14 - PUNTO DE ACCESO ADICIONAL DE MATERIA--TÉRMINO DE MATERIA |
| Término de materia o nombre geográfico como elemento de entrada |
Libros ilustrados para niños. |
| 650 24 - PUNTO DE ACCESO ADICIONAL DE MATERIA--TÉRMINO DE MATERIA |
| Término de materia o nombre geográfico como elemento de entrada |
Animales |
| Subdivisión general |
Enseñanza primaria. |
| 650 24 - PUNTO DE ACCESO ADICIONAL DE MATERIA--TÉRMINO DE MATERIA |
| Término de materia o nombre geográfico como elemento de entrada |
Ingles |
| Subdivisión de forma |
Vocabulario |
| Subdivisión general |
Enseñanza primaria. |
| 650 24 - PUNTO DE ACCESO ADICIONAL DE MATERIA--TÉRMINO DE MATERIA |
| Término de materia o nombre geográfico como elemento de entrada |
Ingles |
| Subdivisión general |
Literatura infantil. |
| 700 1# - PUNTO DE ACCESO ADICIONAL--NOMBRE DE PERSONA |
| Nombre de persona |
Montiel Rodríguez, Juan Manuel |
| Término indicativo de función/relación |
il. |